Sonegaȯ̂ de bens no inventr̀io

Detalles Bibliográficos
Autor principal: Simon, Analisa Camargo
Otros Autores: Portella, Elisa Bischoff
Formato: eBook
Lenguaje:portugués
Publicado: Sô Paulo : Editoria mundo jurd̕ico, 2011
Materias:
Acceso en línea:http://www.vlex.com/source/6912

MARC

LEADER 00000nam a22000007a 4500
005 20130117173156.0
007 cr|||| ||||
008 130117e2011 bl |||||s|||| 00||0 por d
020 |a 978-85-88576-95-7 
035 |a 6912 
040 |a vLex 
090 |c 3533  |d 3533 
100 1 0 |a Simon, Analisa Camargo 
245 1 0 |a Sonegaȯ̂ de bens no inventr̀io  |h [Recurso electrn̤ico] 
256 |a Servicio en ln̕ea 
260 |a Sô Paulo :  |b Editoria mundo jurd̕ico,   |c 2011  
300 |a 1 Recurso electrn̤ico 
650 0 4 |a Herencia y sucesin̤ 
650 0 4 |a Derecho civil 
700 1 0 |a Portella, Elisa Bischoff 
740 |a vLex Libros (Servicio en ln̕ea) 
856 |a Acceso restringido  |u http://www.vlex.com/source/6912 
942 |c BOOK 
999 0 |a Inheritance and succession 
999 0 |a Civil law